[Event "Cuenca Crespi Memorial"]
[Site "Cuenca"]
[Date "2024.04.25"]
[Round "3"]
[White "Giler Moncayo, Boris Antonio"]
[Black "Morales Castillo, Marco"]
[Result "1-0"]
[WhiteElo "1821"]
[BlackElo "1974"]
[PlyCount "61"]
[EventDate "2024.04.24"]
[EventType "swiss"]
[EventRounds "9"]
[EventCountry "ECU"]
[SourceTitle "EXT 2025"]
[Source "ChessBase"]
[SourceDate "2024.10.14"]
[SourceVersion "1"]
[SourceVersionDate "2024.10.14"]
[SourceQuality "1"]

1. c4 c5 2. Nc3 Nf6 3. g3 d5 4. cxd5 Nxd5 5. Bg2 Nc7 6. d3 e5 7. Nf3 Be7 8. Nxe5 Bf6 9. Qa4+ Nd7 10. Nxd7 Qxd7 11. Qxd7+ Kxd7 12. Ne4 Be7 13. Be3 b6 14. Rc1 Bb7 15. 0-0 f5 16. Nxc5+ Bxc5 17. Bxb7 Rab8 18. Bxc5 bxc5 19. Bf3 Rxb2 20. Rxc5 Rxa2 21. Rfc1 Ne6 22. Rxf5 Ke7 23. Re5 Kf6 24. Rd5 Ra6 25. Rd7 Rd8 26. Rxd8 Nxd8 27. d4 Rd6 28. e3 a5 29. Rc8 Ne6 30. Ra8 Ng5 31. Kg2 1-0